| 000 | 01746nam a2200241Ia 4500 | ||
|---|---|---|---|
| 999 |
_c34401 _d34401 |
||
| 001 | 97 | ||
| 003 | GE_BSU | ||
| 005 | 20220826112134.0 | ||
| 008 | 181216s2009||||ge |||||||||||||| ||geo|| | ||
| 040 | _cGE_BSU | ||
| 041 | _ageo | ||
| 080 | _a58 ა–95 | ||
| 245 |
_aაჭარის ველური ფლორის ეკონომიკურად მნიშვნელოვანი სახეობების კულტურაში მოყვანის და რეალიზაციის ხელშეწყობა მტირალას ეროვნული პარკის ბუფერულ ზონაში / _cტექსტი: ნ. ვარშანიძე, დ. ხარაზიშვილი, ნ. მემიაძე, ი. სირაბიძე ; რედ.: მ. ძნელაძე, ზ. მანველიძე ; რუკები გ. ბერუჩაშვილი ; ფოტოები: ზ. მანველიძე. |
||
| 264 |
_aბათუმი : _bშპს "GL design group", _c2009. |
||
| 300 |
_a26 გვ.: _bილ. რუკ., ცხრ. ; _c20 სმ. |
||
| 653 | _a საქართველოს ნაკრძალები | ||
| 653 | _a ეროვნული პარკები აჭარაში | ||
| 653 | _a მტირალას ეროვნული პარკი | ||
| 700 |
_aვარშანიძე, ნ. _eტექსტის ავტორი _914554 |
||
| 700 |
_aხარაზიშვილი, დ. _eტექსტის ავტორი _914555 |
||
| 700 |
_aმემიაძე, ნ. და სხვ. _eტექსტის ავტორი _914556 |
||
| 942 |
_cBK _2udc |
||